[Event "JUG-chT"]
[Site "Vrnjacka Banja"]
[Date "1999.??.??"]
[Round "9"]
[White "Rublevsky, Sergei"]
[Black "Tosic, Miroslav"]
[Result "1-0"]
[WhiteElo "2660"]
[BlackElo "2502"]

1.e4 c5 2.Nf3 e6 3.c4 b6 4.Nc3 Bb7 5.Be2 a6 6.d4 cxd4 7.Nxd4 d6 8.O-O Nf6
9.f3 Nbd7 10.Be3 Be7 11.a4 O-O 12.a5 bxa5 13.Nb3 Rb8 14.Nxa5 Ba8 15.Qd2 Qc7
16.Rfc1 Ne5 17.Na4 Nc6 18.Nxc6 Bxc6 19.b4 Nd7 20.Bf1 Rfd8 21.b5 Bb7 22.Qf2 Bc8
23.Ba7 Rb7 24.Bd4 Rb8 25.Kh1 Bf6 26.b6 Qc6 27.Bxf6 Nxf6 28.c5 d5 29.e5 Nd7
30.Qd4 Bb7 31.Nb2 Ra8 32.Nd3 Nb8 33.Nb4 Qe8 34.Ra5 Rc8 35.h3 g6 36.Rca1 Kg7
37.Kh2 Qe7 38.f4 h5 39.R1a4 Kh7 40.Ra3 Kg7 41.Be2 Kh7 42.Rc3 Kg7 43.Bd1 Bc6
44.Rca3 Bb7 45.Ba4 Bc6 46.f5 exf5 47.Rg3 Kh6 48.Bxc6 Nxc6 49.Nxc6 Rxc6 50.Qa1 Qh4
51.Ra4 f4 52.Rf3 Rg8 53.Raxf4 Qg5 54.Rxf7  1-0

[Event "1st European Blitz Ch"]
[Site "Neum BIH"]
[Date "2000.10.05"]
[Round "13"]
[White "Rublevsky,S"]
[Black "Tkachiev,V"]
[Result "1/2-1/2"]
[WhiteElo "2670"]
[BlackElo "2657"]

1.e4 e5 2.Nf3 Nc6 3.d4 exd4 4.Nxd4 Bc5 5.Nxc6 Qf6 6.Qd2 dxc6 7.Nc3 Bd4 8.Bd3 Ne7
9.O-O Ng6 10.Kh1 Ne5 11.Be2 Ng4 12.Nd1 O-O 13.Qf4 Qg6 14.Bxg4 Qxg4 15.f3 Qxf4
16.Bxf4 f5 17.Nc3 fxe4 18.fxe4 Bxc3 19.bxc3 Be6 20.a3 Rad8 21.Kg1 Rd7 22.Be3 Re8  1/2-1/2

[Event "1st European Blitz Ch"]
[Site "Neum BIH"]
[Date "2000.10.05"]
[Round "15"]
[White "Rublevsky,S"]
[Black "Sokolov,I"]
[Result "1/2-1/2"]
[WhiteElo "2670"]
[BlackElo "2611"]

1.e4 e5 2.Nf3 Nc6 3.d4 exd4 4.Nxd4 Bc5 5.Nxc6 Qf6 6.Qd2 bxc6 7.Bd3 Ne7 8.O-O O-O
9.Nc3 d5 10.Qf4 Qxf4 11.Bxf4 Bb6 12.Na4 Be6 13.Nxb6 cxb6 14.a3 Rad8 15.exd5 Nxd5
16.Bg3 Nf6 17.Rad1 h6 18.f3 Nd5 19.Rfe1 Rfe8 20.Be4 f5 21.Bd3 f4 22.Bf2 Kf7
23.h4 g5 24.hxg5 hxg5 25.Re5 Kf6 26.Bd4 c5 27.Rxd5+ cxd4 28.Rxd8 Rxd8 29.Be4 Bf5
30.Bxf5 Kxf5 31.Kf2 Rc8 32.Rd2 g4 33.Ke2 gxf3+ 34.Kxf3 Ke5 35.Re2+ Kf5 36.Rd2 Ke5
37.Re2+  1/2-1/2

[Event "Korchnoi 70"]
[Site "St Petersburg RUS"]
[Date "2001.03.20"]
[Round "2"]
[White "Rublevsky,S"]
[Black "Taimanov,M"]
[Result "1-0"]
[WhiteElo "2657"]
[BlackElo "2454"]

1.e4 c5 2.Nf3 e6 3.c4 Nc6 4.Nc3 Nf6 5.Be2 a6 6.O-O Qc7 7.d4 cxd4 8.Nxd4 Nxd4
9.Qxd4 Bc5 10.Qd3 O-O 11.Bg5 d6 12.Bxf6 gxf6 13.Kh1 Kh8 14.f4 Bd7 15.f5 Rae8
16.Rf4 Bc6 17.Raf1 e5 18.Rh4 Rg8 19.Rh6 Rg7 20.Rf3 Bd4 21.Rfh3 Bxc3 22.bxc3 b5
23.Qf3 Kg8 24.Rxf6 Qb7 25.Rh4 bxc4 26.Rxd6 Qb1+ 27.Rd1 Qxa2 28.Rh6 Bb7 29.Rb6 Ba8
30.Rbd6 Qc2 31.Rd8 Kf8 32.f6 Rg6 33.Rxe8+ Kxe8 34.Qf5  1-0

[Event "Karpov It"]
[Site "Poikovsky RUS"]
[Date "2001.05.01"]
[Round "1"]
[White "Lputian,S"]
[Black "Rublevsky,S"]
[Result "1/2-1/2"]
[WhiteElo "2607"]
[BlackElo "2657"]

1.d4 d5 2.Nf3 e6 3.g3 c5 4.Bg2 cxd4 5.O-O Nf6 6.Nxd4 e5 7.Nb3 Be6 8.Bg5 Nbd7
9.e3 h6 10.Bxf6 Nxf6 11.Qe2 Be7 12.Rd1 Qc8 13.Nc3 e4 14.Nd4 Bd7 15.f3 Bb4
16.Ndb5 O-O 17.fxe4 dxe4 18.Nd6 Bg4 19.Nxc8 Bxe2 20.Nxe2 Raxc8 21.c3 Bc5
22.Nd4 Rfe8 23.Bh3 Rcd8 24.Kf2 a5 25.Ke2 Rd5 26.Nf5 Rde5 27.Rf1 Nd5 28.Rad1 a4
29.c4 Nb6 30.b3 Ra8 31.Rd2 axb3 32.axb3 Ra3 33.Re1 g6 34.Nxh6+ Kg7 35.Ng4 Rh5
36.Bg2 f5 37.b4 Be7 38.Ne5 Rxh2 39.Kf2 Bg5 40.Rdd1 Kf6 41.c5 Kxe5 42.cxb6 Rb3
43.Re2 Rh8 44.Rd7 Rb8 45.Rg7 Kf6 46.Rd7 Rxb4 47.Rd6+ Kg7 48.Bh3 Rb3 49.g4 fxg4
50.Bxg4 Rf8+ 51.Kg2 Bxe3 52.Be6 Rxb6 53.Rd7+ Kh6 54.Bd5 Bc5 55.Rxe4 Rb2+
56.Kg3 b6 57.Rh4+ Kg5 58.Rg4+ Kf6 59.Rf4+ Ke5 60.Re4+  1/2-1/2

[Event "Karpov It"]
[Site "Poikovsky RUS"]
[Date "2001.05.06"]
[Round "6"]
[White "Rublevsky,S"]
[Black "Zvjaginsev,V"]
[Result "1/2-1/2"]
[WhiteElo "2657"]
[BlackElo "2627"]

1.e4 e6 2.d4 d5 3.Nd2 c5 4.Ngf3 cxd4 5.exd5 Qxd5 6.Bc4 Qd6 7.O-O Nf6 8.Nb3 Nc6
9.Nbxd4 Nxd4 10.Nxd4 a6 11.Bb3 Qc7 12.Qf3 Bd6 13.Kh1 O-O 14.Bg5 Nd7 15.c3 b5
16.Bc2 Bb7 17.Qh3 g6 18.f4 Rfe8 19.Rad1 f5 20.a4 bxa4 21.Bxa4 Nc5 22.Bxe8 Rxe8  1/2-1/2

[Event "2nd IECC"]
[Site "Ohrid MKD"]
[Date "2001.06.12"]
[Round "11"]
[White "Ruck,R"]
[Black "Rublevsky,S"]
[Result "1/2-1/2"]
[WhiteElo "2557"]
[BlackElo "2657"]

1.d4 d5 2.c4 dxc4 3.Nf3 e6 4.e3 c5 5.Bxc4 a6 6.O-O Nf6 7.dxc5 Qxd1 8.Rxd1 Bxc5
9.Nbd2 O-O 10.Be2 Rd8 11.b3 b6 12.Bb2 Bb7 13.Ne5 Nbd7 14.Bf3 Bxf3 15.Ndxf3 Nxe5
16.Nxe5 Nd5 17.Nd3 Be7 18.e4 Nb4 19.Nxb4 Bxb4 20.Kf1 Bc5 21.Ke2 f6 22.f3 Kf7
23.Rxd8 Rxd8 24.Rc1 e5 25.Rc4 Ke6 26.Bc1 Rd6 27.Be3  1/2-1/2

[Event "2nd IECC"]
[Site "Ohrid MKD"]
[Date "2001.06.13"]
[Round "12"]
[White "Rublevsky,S"]
[Black "Chernyshov,K"]
[Result "1-0"]
[WhiteElo "2657"]
[BlackElo "2536"]

1.e4 b6 2.d4 Bb7 3.Bd3 e6 4.Nf3 g6 5.Bg5 Qc8 6.c4 Bg7 7.Nc3 Nc6 8.d5 Ne5
9.Nxe5 Bxe5 10.Qd2 Bg7 11.O-O-O h6 12.Bh4 e5 13.d6 g5 14.Bg3 cxd6 15.Nb5 Bf8
16.Bc2 f6 17.Nxd6+ Bxd6 18.Qxd6 Rh7 19.Kb1 Qc5 20.Qd2 O-O-O 21.h4 d6 22.f3 Rg7
23.Bb3 g4 24.Bf2 Qc7 25.h5 Bc6 26.Bh4 Kb7 27.Rhe1 Qf7 28.c5 Qxh5 29.Bf2 gxf3
30.cxb6 fxg2 31.Qa5 a6 32.Bc4 Ra8 33.Rxd6 Ne7 34.Bd5 Nxd5 35.Rxc6 Rd8 36.Qc5 Qh1
37.Bg1 Qh4 38.Qc1 Qxe1 39.Qxe1 Kxc6 40.exd5+ Rxd5 41.Qc3+ Kb7 42.Qf3 Rd7
43.Qxg2 f5 44.a3 e4 45.Be3 R5d6 46.a4 a5 47.Qg8 Rd5 48.Bf4 Kxb6 49.Qc8 Rd1+
50.Ka2 R7d3 51.Qc7+ Ka6 52.Qc6+ Ka7 53.Bc7  1-0

[Event "CHN-RUS Summit Men"]
[Site "Shanghai CHN"]
[Date "2001.09.08"]
[Round "2"]
[White "Rublevsky,S"]
[Black "Peng Xiaomin"]
[Result "0-1"]
[WhiteElo "2639"]
[BlackElo "2629"]

1.e4 e5 2.Nf3 Nc6 3.d4 exd4 4.Nxd4 Bc5 5.Nxc6 Qf6 6.Qd2 dxc6 7.Nc3 Bd4 8.Bd3 Ne7
9.O-O Ng6 10.Kh1 Ne5 11.Be2 Ng4 12.Nd1 O-O 13.h3 Rd8 14.Bxg4 Bxg4 15.hxg4 Qh4+
16.Kg1 Bxb2 17.Qxd8+ Rxd8 18.Bxb2 Qxg4 19.Re1 h5 20.Be5 Re8 21.f4 f6 22.Nf2 Qe6
23.Bxc7 Qe7 24.Ba5 Qc5 25.Bd2 Qxc2 26.Be3 Qa4 27.Bc5 b6 28.Bd6 c5 29.Re2 c4
30.Rc1 Qc6 31.e5 b5 32.Ne4 a5 33.f5 fxe5 34.f6 Re6 35.Rf1 Rxd6 36.Nxd6 Qxd6
37.f7+ Kf8 38.Rf5 g6 39.Rfxe5 c3 40.Re6 c2  0-1

[Event "ECC"]
[Site "Panormo GRE"]
[Date "2001.09.23"]
[Round "1"]
[White "Lipka,J"]
[Black "Rublevsky,S"]
[Result "0-1"]
[WhiteElo "2432"]
[BlackElo "2639"]

1.e4 c5 2.Nf3 d6 3.d4 Nf6 4.Nc3 cxd4 5.Nxd4 a6 6.Be2 e6 7.O-O Be7 8.f4 O-O
9.Be3 Qc7 10.g4 d5 11.exd5 Nxd5 12.Nxd5 exd5 13.Bf3 Nc6 14.c3 Rd8 15.Qd2 Bd7
16.Rae1 Nxd4 17.Bxd4 Bb5 18.Be2 Bc5 19.f5 Re8 20.Bxb5 axb5 21.f6 Rxe1 22.Qxe1 Bxd4+
23.cxd4 gxf6 24.Rxf6 Rxa2 25.Rf5 h6 26.g5 Rxb2 27.Qe8+ Kg7 28.gxh6+ Kg6 29.Rf2 Qc1+
30.Kg2 Qg5+ 31.Kf1 Rb1+ 32.Ke2 Qg4+ 33.Kd3 Qd1+  0-1

[Event "ECC"]
[Site "Panormo GRE"]
[Date "2001.09.27"]
[Round "5"]
[White "Schandorff,L"]
[Black "Rublevsky,S"]
[Result "1/2-1/2"]
[WhiteElo "2551"]
[BlackElo "2639"]

1.d4 d5 2.c4 dxc4 3.Nf3 e6 4.e3 c5 5.Bxc4 a6 6.O-O Nf6 7.dxc5 Qxd1 8.Rxd1 Bxc5
9.Nbd2 O-O 10.Be2 Rd8 11.a3 a5 12.Nb3 Rxd1+ 13.Bxd1 Be7 14.Bd2 Nc6 15.Rc1 Bd8
16.Nc5 Ne7 17.Ne5 b6 18.Na4 Ba6 19.f3 Rc8 20.Rxc8 Bxc8 21.e4  1/2-1/2

[Event "FIDE WCh KO"]
[Site "Moscow RUS"]
[Date "2001.11.27"]
[Round "1.3"]
[White "Rublevsky,S"]
[Black "Nguyen Anh Dung"]
[Result "0-1"]
[WhiteElo "2634"]
[BlackElo "2533"]

1.e4 c6 2.d4 d5 3.Nd2 dxe4 4.Nxe4 Bf5 5.Ng3 Bg6 6.Bc4 e6 7.N1e2 Nf6 8.Nf4 Bd6
9.c3 Qc7 10.Qf3 Nbd7 11.Bb3 O-O-O 12.O-O Nd5 13.Nxg6 fxg6 14.Re1 Rhf8 15.Qg4 e5
16.Bg5 Nf6 17.Qh3 exd4 18.cxd4 Kb8 19.Ne4 Bb4 20.Nc3 Rde8 21.Re3 Bd6 22.Rae1 Rxe3
23.Bxe3 Re8 24.d5 Nc5 25.Bc4 a6 26.dxc6 Qxc6 27.Bf1 h5 28.Be2 Ka8 29.Qh4 Qc7
30.h3 Rxe3 31.Qg5 Re5 32.Qxg6 Nce4 33.Nxe4 Rxe4 34.Kf1 Bb4 35.Rd1 Qh2 36.f3 Bc5
37.Ke1 Qg1+ 38.Kd2 Qe3+  0-1

[Event "Aeroflot Open"]
[Site "Moscow RUS"]
[Date "2002.02.09"]
[Round "8"]
[White "Lugovoi,A"]
[Black "Rublevsky,S"]
[Result "0-1"]
[WhiteElo "2510"]
[BlackElo "2655"]

1.d4 d5 2.c4 dxc4 3.Nf3 e6 4.e3 c5 5.Bxc4 Nf6 6.O-O Nc6 7.Qe2 a6 8.a4 Qc7
9.Nc3 Bd6 10.Rd1 O-O 11.h3 b6 12.dxc5 bxc5 13.e4 Ne5 14.Ne1 Bb7 15.Bg5 Nxc4
16.Qxc4 Be5 17.Bxf6 Bxf6 18.Nc2 Rfd8 19.Rab1 h5 20.Qe2 h4 21.Qe3 Rd4  0-1

[Event "3rd Karpov It"]
[Site "Poikovsky RUS"]
[Date "2002.04.22"]
[Round "7"]
[White "Aleksandrov,A"]
[Black "Rublevsky,S"]
[Result "1/2-1/2"]
[WhiteElo "2654"]
[BlackElo "2657"]

1.d4 d5 2.c4 dxc4 3.Nf3 e6 4.e3 c5 5.Bxc4 a6 6.O-O Nf6 7.dxc5 Qxd1 8.Rxd1 Bxc5
9.b3 Nbd7 10.Bb2 b6 11.Nbd2 Bb7 12.Be2 O-O 13.Nc4 Bd5  1/2-1/2

[Event "56th ch-RUS"]
[Site "Krasnoyarsk RUS"]
[Date "2003.09.08"]
[Round "5"]
[White "Ionov,S"]
[Black "Rublevsky,S"]
[Result "1/2-1/2"]
[WhiteElo "2556"]
[BlackElo "2672"]

1.e4 c5 2.Nf3 e6 3.d4 cxd4 4.Nxd4 Nc6 5.Nb5 d6 6.Bf4 e5 7.Be3 a6 8.N5c3 Nf6
9.Nd2 Ng4 10.Nd5 Nxe3 11.Nxe3 Be6 12.Bc4 Be7 13.Nf3 Rc8 14.O-O O-O 15.Bb3 Nb8
16.Qe2 Nd7 17.Rfd1 Rc5 18.Nd5 Nb6 19.Nxb6 Qxb6 20.Rd2 a5 21.Rad1 Rd8 22.Bxe6 fxe6
23.c3 Qc6 24.Rd3 Rf8 25.Nd2 Qb5 26.Nf1 Rc6 27.f3 Qa6 28.Ne3 b5 29.Qc2 Rfc8
30.Qb3 Kf7 31.a3 Qb6 32.Kh1 Qc5 33.Qc2 b4 34.axb4 axb4 35.Qe2 b3 36.Ra1 R6c7
37.Rdd1 Ra7 38.Rxa7 Qxa7 39.Nc4 Rc6 40.Nd2 Qa4 41.Qd3 Rc5 42.g3 d5 43.Qe2 d4
44.cxd4 Rc2 45.Qd3 Rxb2 46.d5 Qd4 47.Nxb3 Qf2 48.dxe6+ Kg6 49.Nd2 Bc5 50.e7 Bxe7
51.Qa6+ Bf6 52.Qd3 Be7 53.Qd7 Rxd2 54.Qf5+ Kh6 55.Qh3+ Kg6  1/2-1/2

[Event "Aeroflot Open"]
[Site "Moscow RUS"]
[Date "2004.02.22"]
[Round "6"]
[White "Rublevsky,S"]
[Black "Filippov,Va"]
[Result "0-1"]
[WhiteElo "2655"]
[BlackElo "2609"]

1.e4 c5 2.Nf3 e6 3.c3 Nf6 4.e5 Nd5 5.Bc4 d6 6.d4 cxd4 7.cxd4 Nb6 8.Bb3 dxe5
9.Nxe5 Nc6 10.Nf3 Be7 11.Nc3 Bf6 12.Be3 Na5 13.Bc2 Nac4 14.O-O Nxb2 15.Qe2 N2c4
16.Ne5 Nd6 17.Qh5 g6 18.Qh6 Nf5 19.Bxf5 exf5 20.Rfe1 Be6 21.Rad1 Nd5 22.Nxd5 Qxd5
23.Nd3 O-O-O 24.Qf4 Qd6 25.Rc1+ Kb8 26.Qxd6+ Rxd6 27.Bf4 Rd8 28.Nc5 Bxa2
29.d5 a5 30.Re2 Bxd5 31.Rd2 Ka7 32.Bxd6 Rxd6 33.Rcd1 Kb6 34.Rxd5 Rxd5 35.Rxd5 Kc6
36.Rd7 Kxc5 37.Rxb7 a4 38.Kf1 a3 39.Ra7 Kb4 40.Ke2 Kb3 41.Kd3 a2 42.Rb7+ Ka3
43.Ra7+ Kb2 44.Rb7+ Kc1 45.Rc7+ Kd1  0-1

[Event "TCh-SCG Men"]
[Site "Budva SCG"]
[Date "2004.09.18"]
[Round "10"]
[White "Georgiev,Ki"]
[Black "Rublevsky,S"]
[Result "1-0"]
[WhiteElo "2626"]
[BlackElo "2686"]

1.d4 d5 2.Nf3 e6 3.c4 dxc4 4.e3 c5 5.Bxc4 a6 6.O-O Nf6 7.dxc5 Qxd1 8.Rxd1 Bxc5
9.Nbd2 O-O 10.Be2 Rd8 11.Ne5 Be7 12.Nec4 Nc6 13.Bf3 Bd7 14.Nb3 Be8 15.Bd2 Rac8
16.Nb6 Rc7 17.Rac1 Nd7 18.Bxc6 Rxc6 19.Rxc6 bxc6 20.Nc4 Nf6 21.Rc1 c5 22.f3 Bb5
23.e4 Nd7 24.Be3 h6 25.Nba5 Bf6 26.b3 Bd4 27.Bxd4 cxd4 28.Nd2 Ne5 29.a4 Be2
30.Rc7 Bd1 31.Nb7 Rb8 32.Nc5 a5 33.Kf2 g5 34.Ke1 Bc2 35.Nb7 d3 36.Nxa5 f5
37.Rc5 Ng6 38.e5 Nf4 39.Kf2 Nd5 40.Nc6 Rb6 41.Nd4 Nb4 42.Rb5 Rxb5 43.axb5 Nd5
44.Nxe6 Kf7 45.Nd4 f4 46.Ke1 Ke7 47.Nc4 Ne3 48.b6  1-0

[Event "Aiacciu Masters"]
[Site "Ajaccio FRA"]
[Date "2004.10.25"]
[Round "1.1"]
[White "Rublevsky,S"]
[Black "Ferrandi,B"]
[Result "1-0"]
[WhiteElo "2649"]
[BlackElo "2007"]

1.e4 e5 2.Nf3 Nc6 3.d4 d6 4.Bb5 Bd7 5.Nc3 exd4 6.Nxd4 Nxd4 7.Bxd7+ Qxd7 8.Qxd4 Nf6
9.Bg5 Be7 10.O-O-O O-O 11.e5 Ne8 12.Bxe7 Qxe7 13.exd6 Nxd6 14.Nd5 Qg5+ 15.f4 Qg6
16.Ne7+  1-0

[Event "Corsica Masters"]
[Site "Bastia FRA"]
[Date "2004.10.29"]
[Round "2"]
[White "Carvallo,H"]
[Black "Rublevsky,S"]
[Result "0-1"]
[WhiteElo "2191"]
[BlackElo "2649"]

1.d4 d5 2.Nf3 Nf6 3.Bf4 c5 4.e3 Nc6 5.c3 Qb6 6.Qc2 g6 7.Nbd2 Bf5 8.Qb3 c4
9.Qxb6 axb6 10.a3 b5 11.Rc1 Nd7 12.Nh4 Be6 13.e4 Nb6 14.Be2 Na4 15.Rb1 Bg7
16.exd5 Bxd5 17.Bf3 O-O-O 18.Bxd5 Rxd5 19.Nhf3 e5 20.dxe5 Bxe5 21.Be3 f5
22.g3 Rf8 23.Kd1 f4 24.gxf4 Bxf4 25.Kc2 Rdf5 26.Nd4 Nxd4+ 27.Bxd4 Bxd2 28.Kxd2 Nc5
29.Bxc5 Rxc5 30.Rbe1 Rxf2+ 31.Re2 Rxe2+ 32.Kxe2 Rh5 33.Kf3 Kd7 34.Kg3 Ke6
35.Re1+  0-1

[Event "RusFed Internet Blitz Cup"]
[Site "ChessAssistantClub INT"]
[Date "2004.11.25"]
[Round "6"]
[White "Galkin,A"]
[Black "Rublevsky,S"]
[Result "0-1"]
[WhiteElo "2593"]
[BlackElo "2649"]

1.Nf3 c5 2.g3 Nc6 3.Bg2 g6 4.O-O Bg7 5.c3 e5 6.d3 Nge7 7.Nbd2 O-O 8.a3 d6
9.Qc2 Be6 10.b4 h6 11.Rb1 Qd7 12.Rd1 Rad8 13.Bb2 Kh7 14.Ba1 b6 15.a4 f5 16.Nc4 cxb4
17.cxb4 Nd5 18.b5 Na5 19.Nxa5 bxa5 20.Qd2 Nb4 21.Bc3 g5 22.Bxb4 axb4 23.Qxb4 g4
24.Nd2 d5 25.Nb3 Rc8 26.Nc5 Qe7 27.Nxe6 Qxe6 28.h3 h5 29.hxg4 hxg4 30.e3 f4
31.exf4 Rc2 32.Rd2 Rxd2 33.Qxd2 exf4 34.gxf4 Bd4 35.Re1 Qf6 36.Kf1 Bc3 37.Qd1 Bxe1
38.Qxe1 Qxf4 39.Bxd5 g3 40.Qe4+ Kh6 41.Qe6+ Rf6 42.Qh3+ Kg5 43.f3 Rh6 44.Qg4+ Qxg4
45.fxg4 Rf6+ 46.Kg1 Rd6 47.Be4 Rd4 48.a5 Rb4 49.Bc6 Kxg4 50.a6 Kh3 51.Bd7+ Kh4
52.Bc6 Kg4 53.Kg2 Kf4 54.Kh3 Rb2 55.Bg2 Rxb5  0-1

[Event "Russian Blitz Internet Cup Superfinal"]
[Site "chessassistantclub.com INT"]
[Date "2004.12.28"]
[Round "2"]
[White "Rublevsky,S"]
[Black "Kosyrev,V"]
[Result "1/2-1/2"]
[WhiteElo "2649"]
[BlackElo "2539"]

1.e4 e6 2.d4 d5 3.Nd2 Nf6 4.Bd3 c5 5.e5 Nfd7 6.c3 Nc6 7.Ne2 cxd4 8.cxd4 f6
9.exf6 Nxf6 10.O-O Bd6 11.Nf3 Qc7 12.Bg5 O-O 13.Rc1 Bd7 14.Bh4 Qb6 15.b3 Ba3
16.Rc3 Ne4 17.Bxe4 dxe4 18.Ng5 Be7 19.d5 Nb4 20.d6 Bxg5 21.Bxg5 Nd5 22.Rg3 Qxd6
23.Qd4 Rf7 24.Qxe4 Bb5 25.Re1 Bxe2 26.Qxe2 Raf8 27.Bh6 Kh8 28.Be3 Nxe3 29.Rxe3 Rxf2
30.Qxf2 Rxf2 31.Kxf2 Qxh2 32.Rxe6 h6 33.R1e2 Qf4+ 34.Kg1 Qd4+ 35.Kh1 Qh4+
36.Kg1 Qd4+ 37.Kh1 Qh4+ 38.Kg1 b6 39.Re7 Qd4+ 40.Kh1 Qh4+ 41.Kg1 Qd4+  1/2-1/2

[Event "XIII TCh-RUS"]
[Site "Sochi RUS"]
[Date "2006.04.27"]
[Round "8"]
[White "Eljanov,P"]
[Black "Rublevsky,S"]
[Result "0-1"]
[WhiteElo "2665"]
[BlackElo "2687"]

1.c4 e5 2.Nc3 Nf6 3.Nf3 Nc6 4.e4 Bc5 5.Nxe5 Nxe5 6.d4 Bb4 7.dxe5 Nxe4 8.Qd4 Nxc3
9.bxc3 Be7 10.Qg4 Kf8 11.Qe4 d6 12.Bf4 dxe5 13.Bxe5 Bf6 14.f4 g6 15.Be2 Kg7
16.O-O Qe7 17.Rad1 Bxe5 18.fxe5 Bf5 19.Rxf5 gxf5 20.Qxf5 Rhe8 21.Rd7 Qe6
22.Qg5+ Kf8 23.Rxc7 Qxe5 24.Qh6+ Kg8 25.Bd3 Qe3+ 26.Qxe3 Rxe3 27.Rd7 Rae8
28.Kf2 R3e7 29.Rd4 Re6 30.Rg4+ Kf8 31.Rf4 Ra6 32.Bb1 Ra3 33.Rf3 Rc8 34.Ke2 Rxc4
35.Kd2 b5  0-1

[Event "TCh-RUS"]
[Site "Sochi RUS"]
[Date "2007.05.10"]
[Round "9"]
[White "Rublevsky,S"]
[Black "Gelfand,B"]
[Result "1/2-1/2"]
[WhiteElo "2680"]
[BlackElo "2733"]

1.e4 c5 2.Nc3 d6 3.Nge2 Nf6 4.g3 Nc6 5.Bg2 g6 6.d3 Bg7 7.h3 O-O 8.Be3 e5
9.O-O Nd4 10.Kh2 Nh5 11.Nd5 Be6 12.c3 Nxe2  1/2-1/2

[Event "60th ch-RUS Higher League"]
[Site "Krasnoyarsk RUS"]
[Date "2007.09.08"]
[Round "5"]
[White "Rublevsky,S"]
[Black "Voinov,A"]
[Result "1-0"]
[WhiteElo "2679"]
[BlackElo "2428"]

1.e4 e6 2.d4 d5 3.Nd2 dxe4 4.Nxe4 Nd7 5.Nf3 Ngf6 6.Bd3 c5 7.O-O cxd4 8.Nxd4 Nxe4
9.Bxe4 Nf6 10.Bg5 Be7 11.Bf3 O-O 12.Re1 Qb6 13.Nb3 Rd8 14.Qe2 Bd7 15.Bd2 Bb4
16.c3 Bd6 17.c4 a5 18.Red1 Bb4 19.Be3 Qc7 20.Rac1 Bc6 21.Nd4 Bxf3 22.Qxf3 e5
23.Nf5 e4 24.Qg3 Qxg3 25.Nxg3 Rd3 26.Kf1 Rc8 27.Ke2 Rxd1 28.Rxd1 h5 29.b3 h4
30.Nf5 a4 31.Bd4 Ra8 32.Bxf6 gxf6 33.Ke3 axb3 34.axb3 Bc5+ 35.Kxe4 Bxf2 36.Kf3 Ra2
37.b4 Rb2 38.Rd7 b6 39.Rd1 b5 40.cxb5 Bb6 41.Ne7+ Kg7 42.Nd5 Rf2+ 43.Ke4  1-0

[Event "60th ch-RUS Higher League"]
[Site "Krasnoyarsk RUS"]
[Date "2007.09.10"]
[Round "7"]
[White "Rublevsky,S"]
[Black "Lysyj,I"]
[Result "1-0"]
[WhiteElo "2679"]
[BlackElo "2578"]

1.e4 e6 2.d4 d5 3.Nd2 c5 4.Ngf3 Nc6 5.exd5 exd5 6.Bb5 Bd6 7.dxc5 Bxc5 8.O-O Ne7
9.Nb3 Bd6 10.Re1 O-O 11.Bd3 h6 12.h3 Nf5 13.c3 Qf6 14.Bc2 Rd8 15.Qd3 g6 16.Bd2 a5
17.a4 b6 18.Qe2 Ba6 19.Qd1 Kh7 20.Bxf5 Qxf5 21.Nbd4 Nxd4 22.Nxd4 Qf6 23.Be3 Bc7
24.Qd2 g5 25.Nf3 Qf5 26.h4 gxh4 27.Nxh4 Qh5 28.g3 Bc8 29.Bf4 Bxf4 30.Qxf4 Be6
31.Rad1 Rg8 32.Ng2 Rae8 33.Rd4 Bh3 34.Red1 Bxg2 35.Kxg2 Rg5 36.Qf3 Qxf3+
37.Kxf3 Rf5+ 38.Rf4 Rxf4+ 39.gxf4 Re4 40.b3 Re6 41.Rxd5 Rc6 42.c4 Kg6 43.Kg4 Kf6
44.f5 Kg7 45.Kh5 Kh7 46.Rd3 Kg7 47.Rg3+ Kf6 48.Kxh6 Rd6 49.Kh5 Rd4 50.Rf3 Re4
51.Rc3 Rf4 52.f3 Rd4 53.c5 bxc5 54.Rxc5 Rd3 55.Rxa5 Rxb3 56.Kg4 Ra3 57.Kf4 Ra1
58.Ra6+ Kg7 59.a5 Ra2 60.Ke5 Ra3 61.f4 Re3+ 62.Kd5 Ra3 63.Kc5 Ra1 64.Kb5 Rb1+
65.Kc6 Rc1+ 66.Kd6 Rd1+ 67.Ke7  1-0

[Event "World Cup"]
[Site "Khanty-Mansiysk RUS"]
[Date "2007.11.29"]
[Round "2.3"]
[White "Rublevsky,S"]
[Black "Navara,D"]
[Result "1-0"]
[WhiteElo "2676"]
[BlackElo "2656"]

1.e4 e5 2.Bc4 Nf6 3.d3 Nc6 4.Nc3 Bb4 5.Ne2 d5 6.exd5 Nxd5 7.O-O Bxc3 8.Nxc3 Nxc3
9.bxc3 O-O 10.f4 Na5 11.Bb3 exf4 12.Bxf4 Nxb3 13.axb3 Qd5 14.c4 Qc6 15.Qe1 b6
16.Qg3 Bb7 17.Bxc7 Rae8 18.d4 b5 19.Bd6 bxc4 20.Bxf8 Kxf8 21.Rxa7 cxb3 22.Rxf7+ Kxf7
23.Qxb3+ Kf8 24.Rxb7 Qf6 25.Qb4+ Kg8 26.Qc4+ Kh8 27.Rb1 Qf4 28.Qd3 h6 29.Rf1 Qd6
30.c4 Rd8 31.d5 Qc5+ 32.Kh1 Rc8 33.h3 Kg8 34.d6 Qxc4 35.d7  1-0

[Event "TCh-SRB 1st League"]
[Site "Kragujevac SRB"]
[Date "2009.09.02"]
[Round "2"]
[White "Rublevsky,S"]
[Black "Sutovsky,E"]
[Result "1-0"]
[WhiteElo "2703"]
[BlackElo "2676"]

1.e4 c5 2.Nf3 d6 3.d4 cxd4 4.Nxd4 Nf6 5.Nc3 a6 6.Bc4 e6 7.Bb3 Nbd7 8.Bg5 Nc5
9.O-O Be7 10.Re1 h6 11.Bh4 Qc7 12.f4 O-O 13.Qf3 b5 14.e5 Bb7 15.exf6 Bxf3
16.fxe7 Rfe8 17.Nxf3 b4 18.Na4 Nxb3 19.axb3 Qxc2 20.Nb6 Rab8 21.Nc4 d5 22.Rac1 Qxb3
23.Nd6 Qxb2 24.Nxe8 Rxe8 25.f5 a5 26.fxe6 fxe6 27.Rc7 b3 28.Rd7 Qa3 29.Rd8 Qa4
30.Bg3 b2 31.Bd6 Kh7 32.Rxe8 Qxe8 33.h3 Qb5 34.Kh2 d4 35.Nxd4 Qd7 36.Ba3 Qc7+
37.Kh1 Qc3 38.Rg1 Qxd4 39.e8=Q Qxg1+ 40.Kxg1 b1=Q+ 41.Kh2 Qe4 42.Bd6 a4 43.Qb8 Qf5
44.Qc7 Qe4 45.Be5 Qg6 46.Qd7 a3 47.Qa7 Qg5 48.Bd6 Qg6 49.Qxa3 Kg8 50.Be5 Kh7
51.Qg3 Qf7 52.Qd3+ Kg8 53.Qe4 Kh8 54.Qf4 Qg6 55.Qf8+ Kh7 56.Qe7 Kg8 57.Qd7 Kh7
58.Qc7 Kg8 59.Bc3 Kh8 60.Qg3 Qf7 61.Qe5 Qg6 62.Kg1 Kg8 63.Kf2 Qc2+ 64.Kf3 Qd3+
65.Kf4 Qf1+ 66.Kg3 Qd3+ 67.Kh2 Qg6 68.Qd4 Kh8 69.Qg4 Qf7 70.Qe4 Qc7+ 71.Be5 Qf7
72.Kg3 Kg8 73.Kg4 Qd7 74.Kh5 Qf7+ 75.Qg6 Qd7 76.g4 Kf8 77.Bxg7+  1-0

[Event "Open A"]
[Site "Moscow RUS"]
[Date "2010.02.06"]
[Round "8"]
[White "Rublevsky,S"]
[Black "Matlakov,M"]
[Result "1/2-1/2"]
[WhiteElo "2697"]
[BlackElo "2587"]

1.e4 e6 2.d4 d5 3.Nd2 c5 4.Ngf3 cxd4 5.Nxd4 Nf6 6.exd5 Qxd5 7.Nb5 Na6 8.c4 Qc6
9.Nf3 b6 10.Be2 Bb7 11.O-O Be7 12.Nbd4 Qc8 13.Qa4+ Nd7 14.Bg5 Nc5 15.Qa3 Nf6
16.Rad1 O-O 17.Ne5 Re8 18.Qe3 Nce4 19.Bf4 Rd8 20.f3 Nd6 21.Bg3 Nd7 22.Nxd7 Rxd7
23.b3 Qc5 24.Bf2 Rad8 25.Rfe1 Bf6  1/2-1/2

[Event "DPMM"]
[Site "Halle GER"]
[Date "2010.05.14"]
[Round "1"]
[White "Rublevsky,S"]
[Black "Bracker,F"]
[Result "1-0"]
[WhiteElo "2704"]
[BlackElo "2270"]

1.e4 c5 2.Nf3 d6 3.d4 cxd4 4.Nxd4 Nf6 5.Nc3 a6 6.Bc4 e6 7.Bb3 b5 8.O-O Be7
9.Qf3 Qb6 10.Be3 Qb7 11.Qg3 Nbd7 12.Rad1 b4 13.Nf5 bxc3 14.Nxe7 Nxe4 15.Qxg7 Kxe7
16.Qxh8 Ndf6 17.f3 Bd7 18.Qg7 Rg8 19.Qh6 Rg6 20.Qh4 Nd2 21.Bxd2 Qb6+ 22.Qf2  1-0

[Event "ch-RUS Higher League"]
[Site "Irkutsk RUS"]
[Date "2010.08.27"]
[Round "2"]
[White "Rublevsky,S"]
[Black "Maslak,K"]
[Result "1/2-1/2"]
[WhiteElo "2688"]
[BlackElo "2560"]

1.e4 e5 2.Nf3 Nc6 3.Bb5 f5 4.Nc3 fxe4 5.Nxe4 Nf6 6.Qe2 d5 7.Nxf6+ gxf6 8.d4 Bg7
9.dxe5 O-O 10.Bxc6 bxc6 11.O-O Re8 12.e6 Bxe6 13.Qd3 c5 14.Nh4 Rb8 15.b3 f5
16.Qg3 Rb4 17.Bf4 Qf6 18.Nf3 Bf7 19.Rad1 Re2 20.c4 c6 21.Rfe1 Re4 22.Nd2 Rxe1+
23.Rxe1 Qg6 24.Qe3 dxc4 25.Nxc4 Bd5 26.g3 Bf8 27.Qe5 Rb7 28.Qe8 Qxe8 29.Rxe8 Kf7
30.Rc8 Bxc4 31.bxc4 Bg7 32.Rxc6 Rb1+ 33.Kg2 Bd4 34.Rc7+ Kg6 35.Rc6+ Kf7 36.Kf3 Rb2
37.Be3 Rxa2 38.Bxd4 cxd4 39.Rd6 Rc2 40.Rxd4 a5 41.Rf4 Kg6 42.Ke3 a4 43.Kd3 Rb2
44.c5 a3 45.Ra4 a2 46.Kc3 Rb5 47.Kc4 Rb2 48.f4 Rc2+ 49.Kb4 Kf6 50.Ra6+ Kf7
51.h3 h5 52.Kb5 Ke7 53.Kc6 Rd2 54.Kc7 Rd7+ 55.Kb6 Rd2 56.c6 Kd6 57.Kb7 Rc2
58.h4 Rb2+ 59.Kc8 Ke7 60.c7 Ke8 61.Ra5 Ke7 62.Re5+ Kf6 63.Ra5 Ke7 64.Ra6 Ke8
65.Ra8 Ke7 66.Ra5 Rc2 67.Kb7 Kd7 68.Rxa2 Rxc7+ 69.Kb6 Rc3 70.Ra7+ Kd6 71.Rg7 Kd5
72.Rg5 Ke4 73.Kb5 Kf3 74.Kb4 Rc8 75.Kb3 Kf2 76.Rxh5 Kxg3 77.Rxf5 Kxh4 78.Rf7  1/2-1/2

[Event "ch-RUS Higher League"]
[Site "Irkutsk RUS"]
[Date "2010.08.30"]
[Round "5"]
[White "Rublevsky,S"]
[Black "Deviatkin,A"]
[Result "1/2-1/2"]
[WhiteElo "2688"]
[BlackElo "2570"]

1.e4 c6 2.d4 d5 3.e5 Bf5 4.Nd2 e6 5.Nb3 Nd7 6.Nf3 Ne7 7.Be2 Bg4 8.O-O Nf5
9.h3 Bxf3 10.Bxf3 g6 11.Bd2 h5 12.a4 Bh6 13.a5 Bxd2 14.Qxd2 Qe7 15.Rfc1 Rd8
16.Ra4 Kf8 17.Qe2 c5 18.Nxc5 Nxc5 19.dxc5 Qxc5 20.c4 Kg7 21.Rc3 d4 22.Rd3 Rd7
23.Qe4 h4 24.Qf4 Rc8 25.Be4 Rh8 26.b3 Rh5 27.Bf3 Rh8 28.a6 bxa6 29.Rxa6 Qb4
30.Bg4 Rb8 31.Bxf5 gxf5 32.Qxh4 Qe1+ 33.Kh2 Qxe5+ 34.f4 Qc7 35.Rg3+ Kf8 36.Qh6+ Ke7
37.Qh4+ Kf8 38.Rg5 Rd6 39.Qh8+ Ke7 40.Qe5 Rd7 41.Qxc7 Rxc7 42.Rg3 Rb6 43.Ra5 Rcb7
44.Rd3 Rxb3 45.Rxd4 Rc3 46.c5 Rc2 47.Rd3 Kf6 48.Rda3 Rbb2 49.Rg3 Rf2 50.Ra4 Rbc2
51.Kg1 Rfd2 52.Rxa7 Rd4 53.Rf3 Rdd2 54.Rg3 Rd4  1/2-1/2